[Event "London Classic Women Inv"]
[Site "London ENG"]
[Date "2012.12.08"]
[Round "8"]
[White "Miturova, Magdalena"]
[Black "Owens, Megan R"]
[Result "1/2-1/2"]
[WhiteTitle "WF"]
[WhiteElo "2157"]
[BlackElo "1847"]
[WhiteFideId "330221"]
[BlackFideId "1801996"]
[EventDate "2012.12.01"]

1. e4 c5 2. Nf3 Nc6 3. d4 cxd4 4. Nxd4 g6 5. Nc3 Bg7 6. Be3 Nf6 7. f3 O-O 8.
Nxc6 bxc6 9. Bc4 Qa5 10. O-O Rd8 11. Qe1 Ba6 12. Bxa6 Qxa6 13. Rd1 d5 14. e5 Nd7
15. f4 Nf8 16. Qh4 Qb7 17. Bc1 Qb4 18. a3 Qc5+ 19. Rf2 f6 20. Rf1 f5 21. Kh1 e6
22. Na4 Qa5 23. b3 c5 24. Qe7 Rac8 25. Bd2 Qa6 26. Nxc5 Qxa3 27. b4 Re8 28. Qh4
Rc7 29. Qg3 Qxg3 30. hxg3 Nd7 31. Nxd7 Rxd7 32. Ra1 Bf8 33. c3 Rc8 34. Be1 d4
35. cxd4 Rxd4 36. Rfa2 Bxb4 37. Bxb4 Rxb4 38. Rxa7 Rbc4 39. Re7 Rc1+ 40. Rxc1
Rxc1+ 41. Kh2 Rc6 42. Kh3 h6 43. g4 fxg4+ 44. Kxg4 Rb6 45. Kf3 Rb3+ 46. Ke4 Rb4+
47. Ke3 Rb3+ 48. Kd4 Rb4+ 49. Kc5 Rxf4 50. Kd6 Rg4 51. Kxe6 Rxg2 52. Kf6 Rf2+
53. Kxg6 Kf8 54. Ra7 h5 55. Rh7 h4 56. Rxh4 Ke7 57. Ra4 Ke6 1/2-1/2

[Event "London Classic Women Inv"]
[Site "London ENG"]
[Date "2012.12.08"]
[Round "8"]
[White "Reppen, Ellisiv"]
[Black "Olsarova, Tereza"]
[Result "0-1"]
[BlackTitle "WIM"]
[WhiteElo "2001"]
[BlackElo "2267"]
[WhiteFideId "1504959"]
[BlackFideId "325449"]
[EventDate "2012.12.01"]

1. e4 e5 2. Nf3 Nc6 3. Bb5 f5 4. d3 fxe4 5. dxe4 Nf6 6. Qe2 Bc5 7. O-O Qe7 8.
Nc3 Nd4 9. Nxd4 Bxd4 10. Nd5 Nxd5 11. exd5 O-O 12. c3 Bb6 13. Be3 d6 14. Bxb6
axb6 15. Bd3 Bd7 16. a3 Ra4 17. Bb5 Bxb5 18. Qxb5 Raf4 19. Rad1 e4 20. Qe2 Qe5
21. Qe3 R8f6 22. Rd4 Rh6 23. h3 c5 24. dxc6 bxc6 25. Ra4 Rhf6 26. Qxb6 h6 27.
Qe3 d5 28. Ra8+ Kh7 29. a4 Rg6 30. Kh1 Qf5 31. Kh2 c5 32. g3 Rf3 33. Qxc5 e3 34.
Rc8 Rxf2+ 35. Rxf2 Qxf2+ 36. Kh1 Qf3+ 37. Kh2 Qxg3+ 38. Kh1 Qg2# 0-1

[Event "London Classic Women Inv"]
[Site "London ENG"]
[Date "2012.12.08"]
[Round "8"]
[White "Mareckova, Martina"]
[Black "Bhatia, Kanwal K"]
[Result "1/2-1/2"]
[WhiteTitle "WF"]
[BlackTitle "WF"]
[WhiteElo "2080"]
[BlackElo "2057"]
[WhiteFideId "327930"]
[BlackFideId "407496"]
[EventDate "2012.12.01"]

1. e4 e5 2. Nf3 Nc6 3. d4 exd4 4. Bc4 Nf6 5. O-O Bc5 6. e5 d5 7. Bb5 Ne4 8. Nxd4
Bd7 9. Bxc6 bxc6 10. c3 O-O 11. Nd2 Nxd2 12. Bxd2 Re8 13. Bf4 Bb6 14. Qh5 Qc8
15. h3 c5 16. Nf3 Bf5 17. Rfe1 Bg6 18. Qg5 d4 19. Rad1 d3 20. Nh4 c4 21. Nxg6
hxg6 22. b3 Qe6 23. Qg4 Rad8 24. Qxe6 Rxe6 25. bxc4 Ba5 26. Re3 Bxc3 27. Rexd3
Rxd3 28. Rxd3 Bxe5 29. Bxe5 Rxe5 30. Rd8+ Kh7 31. Rd7 Rc5 32. Rd4 Ra5 33. Rd2
Rc5 34. Rd4 Ra5 35. Rd2 Rc5 1/2-1/2

[Event "London Classic Women Inv"]
[Site "London ENG"]
[Date "2012.12.08"]
[Round "8"]
[White "Smith, Olivia"]
[Black "Daulyte, Deimante"]
[Result "0-1"]
[WhiteTitle "WF"]
[BlackTitle "WGM"]
[WhiteElo "2018"]
[BlackElo "2212"]
[WhiteFideId "411850"]
[BlackFideId "12802859"]
[EventDate "2012.12.01"]

1. Nf3 Nf6 2. g3 g6 3. Bg2 Bg7 4. O-O O-O 5. d4 d5 6. Ne5 c6 7. c4 dxc4 8. Nxc4
Be6 9. Ne3 Qd7 10. Nc3 Rd8 11. Nc2 Bh3 12. e4 Na6 13. Qe2 Bxg2 14. Kxg2 Qe8 15.
Be3 e5 16. dxe5 Qxe5 17. f4 Qe7 18. e5 Nd5 19. Nxd5 Rxd5 20. Rad1 Nc7 21. Qf2
Qd7 22. Qf3 Rd8 23. Rxd5 Nxd5 24. Bf2 b6 25. a3 c5 26. Ne3 Nxe3+ 27. Bxe3 f6 28.
exf6 Bxf6 29. Bc1 Qd5 30. Qxd5+ Rxd5 31. g4 Kf7 32. h3 Ke6 33. Re1+ Kd6 34. Rf1
c4 35. g5 Bg7 36. Kf3 b5 37. Kg4 Rd4 38. Re1 Kd7 39. h4 a5 40. h5 b4 41. axb4
axb4 42. hxg6 hxg6 43. Rh1 Ke6 44. Kf3 Kf5 45. Re1 Rd3+ 46. Ke2 Rb3 47. Rd1 Bxb2
48. Be3 Ke4 49. Bc5 Bc3 50. Rc1 Rb2+ 51. Kf1 Kxf4 0-1

[Event "London Classic Women Inv"]
[Site "London ENG"]
[Date "2012.12.09"]
[Round "9"]
[White "Bhatia, Kanwal K"]
[Black "Smith, Olivia"]
[Result "1/2-1/2"]
[WhiteTitle "WF"]
[BlackTitle "WF"]
[WhiteElo "2057"]
[BlackElo "2018"]
[WhiteFideId "407496"]
[BlackFideId "411850"]
[EventDate "2012.12.01"]

1. e4 e5 2. Nf3 Nf6 3. Nxe5 d6 4. Nf3 Nxe4 5. Nc3 Nxc3 6. dxc3 Be7 7. Be3 Nc6 8.
Qd2 Be6 9. O-O-O Qd7 10. Kb1 O-O-O 11. Nd4 a6 12. Nxe6 fxe6 13. Be2 Bf6 14. Rhe1
Kb8 15. h3 h5 16. g4 hxg4 17. hxg4 g6 18. Qd3 g5 19. Rh1 Ne5 20. Qd4 c5 21. Qd2
Rxh1 22. Rxh1 Qe7 23. Rh5 Nf7 24. Qd3 Rh8 25. Qg6 Kc7 26. f4 gxf4 27. Bxf4 Ne5
28. Qe4 Nc6 29. Rxh8 Bxh8 30. Bc4 e5 31. Bd2 Bf6 32. Qf5 e4 33. Be3 Qe5 34. Bd5
Qxf5 35. gxf5 Ne7 36. Bxe4 d5 37. Bg2 Nxf5 38. Bxc5 Kc6 39. Bf2 b5 40. a4 Bg5
41. Bh3 Nd6 42. a5 Bd8 43. b4 Bg5 44. Bd4 Bd2 45. Be6 Bf4 46. Bg7 Bd2 47. Kb2
Nc4+ 48. Kb3 Nd6 49. Be5 Nb7 50. Bc8 Bg5 51. Bg4 Bd2 52. Bh3 Bg5 53. Kb2 Bd2 54.
Bg4 Nd8 55. Bf6 Nb7 56. Be7 Bf4 57. Bf6 1/2-1/2

[Event "London Classic Women Inv"]
[Site "London ENG"]
[Date "2012.12.09"]
[Round "9"]
[White "Kalaiyalahan, Akshaya"]
[Black "Mareckova, Martina"]
[Result "1/2-1/2"]
[BlackTitle "WF"]
[WhiteElo "1750"]
[BlackElo "2080"]
[WhiteFideId "422894"]
[BlackFideId "327930"]
[EventDate "2012.12.01"]

1. c4 Nf6 2. Nc3 g6 3. g3 Bg7 4. Bg2 O-O 5. e4 d6 6. Nge2 e5 7. O-O Nbd7 8. d3
Nc5 9. b4 Ne6 10. Bb2 c5 11. b5 Nd4 12. h3 Ne8 13. f4 Nxe2+ 14. Nxe2 exf4 15.
Bxg7 Nxg7 16. Nxf4 Ne6 17. Nd5 f6 18. Nf4 Nd4 19. Ne2 Nxe2+ 20. Qxe2 Qe7 21.
Rae1 Qe5 22. Qe3 Be6 23. Qf4 Kg7 24. Rf2 Rae8 25. Qxe5 dxe5 26. g4 Rd8 27. Re3
Rd6 28. Ref3 Rf7 29. Kf1 Bd7 30. Ke2 Be6 31. Bf1 h6 32. Ke3 Rd8 33. a4 Rdf8 34.
Kd2 b6 35. Kc3 f5 36. gxf5 gxf5 37. exf5 Rxf5 38. Rxf5 Rxf5 39. Rg2+ Kf6 40. Be2
Rf4 41. Rh2 Rh4 42. Bf1 Rf4 43. Be2 Rh4 44. Bf1 e4 45. dxe4 Rxe4 46. Rf2+ Ke5
47. Rf3 Rf4 48. Re3+ Re4 49. Rf3 Rf4 50. Re3+ Re4 1/2-1/2

[Event "London Classic Women Inv"]
[Site "London ENG"]
[Date "2012.12.09"]
[Round "9"]
[White "Olsarova, Tereza"]
[Black "Sandu, Mihaela"]
[Result "1/2-1/2"]
[WhiteTitle "WIM"]
[BlackTitle "WGM"]
[WhiteElo "2267"]
[BlackElo "2199"]
[WhiteFideId "325449"]
[BlackFideId "1204327"]
[EventDate "2012.12.01"]

1. e4 c5 2. Nf3 d6 3. d4 cxd4 4. Nxd4 Nf6 5. Nc3 a6 6. h3 g6 7. Bc4 Bg7 8. O-O
O-O 9. Re1 b5 10. Bb3 Bb7 11. Bg5 Nc6 12. Nxc6 Bxc6 13. Nd5 Bxd5 14. exd5 Rc8
15. c3 Re8 16. Qe2 h6 17. Bh4 Qb6 18. Qf3 a5 19. Re3 a4 20. Bc2 Rc5 21. Rd1 g5
22. Bg3 Kf8 23. Bf5 Qb7 24. Kh2 b4 25. Bc2 Qb5 26. c4 Qxc4 27. Bxa4 Ra8 28. Bb3
Qb5 29. Rde1 Rc7 30. h4 Qc5 31. hxg5 hxg5 32. Qe2 Raa7 33. Rd3 Kg8 34. f4 Bh6
35. Bf2 Qxf2 36. Qxf2 Ng4+ 37. Kg3 Nxf2 38. Kxf2 gxf4 39. Re4 Rab7 40. g3 f5 41.
Re2 fxg3+ 42. Rxg3+ Kf7 43. Kf3 Bc1 44. Rh3 Rb8 45. Rh7+ Kg6 46. Rh1 Kf7 47. Bc2
Bxb2 48. Bxf5 Be5 49. Be6+ Kf6 50. Rf1 Rc3+ 51. Ke4+ Kg5 52. Rg2+ Bg3 53. Rf7 b3
54. Kd4 bxa2 55. Rf5+ Kg6 56. Rxa2 Rcb3 57. Ra4 Bh4 58. Ke4 Bf6 59. Rf1 Rh8 60.
Rg1+ Bg5 61. Bf5+ Kf6 62. Bg4 Rh4 63. Rg2 Bh6 64. Kd4 Kg5 65. Kc4 Rb6 66. Kd3
Kf6 67. Re4 Rb3+ 68. Kc2 Re3 69. Rxe3 1/2-1/2

[Event "London Classic Women Inv"]
[Site "London ENG"]
[Date "2012.12.09"]
[Round "9"]
[White "Owens, Megan R"]
[Black "Reppen, Ellisiv"]
[Result "0-1"]
[WhiteElo "1847"]
[BlackElo "2001"]
[WhiteFideId "1801996"]
[BlackFideId "1504959"]
[EventDate "2012.12.01"]

1. c4 e5 2. g3 Nf6 3. Bg2 Nc6 4. Nc3 Be7 5. Nf3 O-O 6. d4 exd4 7. Nxd4 Ne5 8. b3
Bb4 9. Bd2 Re8 10. O-O h6 11. a3 Bf8 12. h3 c6 13. e4 d6 14. f4 Ng6 15. Qc2 Qc7
16. Rad1 a6 17. Be3 Bd7 18. Nde2 Rad8 19. Na4 c5 20. Nac3 Qc8 21. Kh2 Bc6 22.
Bc1 b5 23. Nd5 Nxd5 24. exd5 Bd7 25. Rde1 Bf5 26. Qd2 bxc4 27. bxc4 Qb7 28. g4
Be4 29. Nc3 Bxg2 30. Kxg2 Be7 31. Re2 Qb3 32. Rfe1 Qxc4 33. Qc2 a5 34. Re4 Qa6
35. a4 Qc8 36. Nb5 Bf8 37. Bd2 Rxe4 38. Qxe4 Qa8 39. Nc7 Qa7 40. Nb5 Qb7 41.
Bxa5 Ra8 42. Bc7 Qxd5 43. Bxd6 Bxd6 44. Nxd6 Nxf4+ 45. Kg3 Qxe4 46. Rxe4 Ne6 47.
Rc4 Rd8 48. Nb5 Rd3+ 49. Kg2 Rb3 50. h4 Kf8 51. Nd6 Rb4 52. a5 Ke7 53. Rxb4 cxb4
54. Nc4 Kd7 55. Kf2 Kc6 56. a6 Nc7 57. a7 Kb7 58. Ke2 Kxa7 59. Ne5 Kb6 60. Nxf7
Kc5 61. Ne5 Kd4 62. Nd3 Kc3 63. Nxb4 Kxb4 64. Ke3 Kc5 65. Ke4 Kd6 66. Kf5 Ke7
67. Kg6 Kf8 68. g5 hxg5 69. Kxg5 Kf7 70. Kf5 Ne6 71. h5 Nf8 72. Kg5 Nh7+ 73. Kf5
Nf6 74. Kg5 Nxh5 75. Kxh5 Kf6 76. Kh4 Kf5 77. Kh3 g6 78. Kh2 Kf4 79. Kh3 g5 80.
Kh2 Kf3 0-1